000 01016nam a2200241 i 4500
001 130934
003 ES-MaACL
005 20240324063004.0
007 t|
008 070813s1960 sp ||||1| spa d
100 1 _aWodehouse, P. G.,
_d1881-1975
_9117205
245 1 0 _aObras de P. G. Wodehouse.
260 _aBuenos Aires :
_bPlaza & Janés,
_c1960.
300 _aXVI, 1348 p. ;
_c18 cm.
500 _aRetrato del autor.
505 8 _aContiene: ¡Muy bien, Jeeves! / traducción de Juan G. de Luaces ; ¡Adelante, Jeeves! / traducción de Luis Jordá ; ¡Gracias, Jeeves! / traducción de Juan G. de Luaces ; El código de los Wooster / traducción de M. Bosch Barrett ; De acuerdo, Jevees / traducción de Emilia Bertel ; El inimitable Jeeves / traducción de Emilia Bertel
700 1 _aLuaces, Juan G. de.
_974483
700 1 _aJordá, Luis.
_966897
700 1 _aBosch Barrett, Manuel.
_930649
700 1 _aBertel, Emilia.
_928431
852 _aES-MaACL
_jE-3731
999 _c130934
_d130934